000 02276cam a2200421 i 4500
001 18587967
003 OSt
005 20240530110619.0
008 150423t20142014ua b b 001 0 eng d
020 _a9789774166389 (hbk.)
040 _cEG-CaGPL
082 0 4 _221
_a962.403
_bCC\M D
100 1 _aMills, David E.
_q(David Eugene),
_eauthor.
245 1 0 _aDividing the Nile :
_bEgypt's economic nationalists in the Sudan, 1918-56 /
_cDavid E. Mills.
246 3 0 _aEgypt's economic nationalists in the Sudan, 1918-56
264 1 _aCairo ;
_aNew York :
_bThe American University in Cairo Press,
_c2014.
264 4 _c©2014
300 _axv, 360 pages :
_bmap ;
_c24 cm
336 _atext
_2rdacontent
337 _aunmediated
_2rdamedia
338 _avolume
_2rdacarrier
504 _aIncludes bibliographical references (pages 277-353) and index.
505 0 _aThe 'natural' unity of the Nile Valley -- 'Successful' division of water resources -- Agreement, institutions, and opportunities, 1936-1939 -- A valley divided : transportation difficulties -- Disguised exploitation : agricultural and industrial designs on the Sudan -- An expanded Sudanese market? : Egyptian exports to the Sudan -- An economic lifeline? : Egyptian reliance on Sudanese imports.
520 _aMost scholarship has attributed Sudanese independence in 1956 to British dominance of the Condominium, historical animosity toward Egypt, or the emergence of Sudanese nationalism. Dividing the Nile counters that Egyptian entrepreneurs failed to develop a united economy or shared economic interests, guaranteeing Egypt's 'loss' of the Sudan.--Provided by publisher
648 7 _a1899 - 1999
_2fast
650 0 _aNationalism
_zSudan
_xHistory
_y20th century.
650 0 _aNationalism
_zEgypt
_xHistory
_y20th century.
650 7 _aEconomic history.
_2fast
_0(OCoLC)fst00901974
650 7 _aNationalism.
_2fast
_0(OCoLC)fst01033832
651 0 _aSudan
_xHistory
_y1899-1956.
651 0 _aSudan
_xEconomic conditions
_y20th century.
651 0 _aEgypt
_xHistory
_y1919-1952.
651 0 _aEgypt
_xEconomic conditions
_y1919-1952.
651 7 _aEgypt.
_2fast
_0(OCoLC)fst01208755
651 7 _aSudan.
_2fast
_0(OCoLC)fst01204591
655 7 _aHistory.
_2fast
_0(OCoLC)fst01411628
942 _2ddc
_cBK
999 _c63021
_d63021